<?xml version="1.0" encoding="UTF-8"?>
<record
    xmlns:xsi="http://www.w3.org/2001/XMLSchema-instance"
    xsi:schemaLocation="http://www.loc.gov/MARC21/slim http://www.loc.gov/standards/marcxml/schema/MARC21slim.xsd"
    xmlns="http://www.loc.gov/MARC21/slim">

  <leader>05411nam a2200433 a 4500</leader>
  <controlfield tag="003">CHAP</controlfield>
  <controlfield tag="005">20240612173930.0</controlfield>
  <controlfield tag="007">ta</controlfield>
  <controlfield tag="008">240607s2020    mx ado|fom||| 001 0 spa d</controlfield>
  <datafield tag="040" ind1=" " ind2=" ">
    <subfield code="e">rda</subfield>
  </datafield>
  <datafield tag="041" ind1="0" ind2=" ">
    <subfield code="a">spa</subfield>
    <subfield code="b">eng</subfield>
  </datafield>
  <datafield tag="100" ind1="1" ind2=" ">
    <subfield code="9">187560</subfield>
    <subfield code="a">Vera P&#xE9;rez, Gerson Esteban </subfield>
  </datafield>
  <datafield tag="240" ind1="1" ind2="0">
    <subfield code="a">Proposal for packaging to reduce enzymatic browning in artichoke (cynara scolymus l.) minimally processed .</subfield>
    <subfield code="l">Espa&#xF1;ol</subfield>
  </datafield>
  <datafield tag="245" ind1="1" ind2="0">
    <subfield code="a">Propuesta de empaque para reducir el oscurecimiento enzim&#xE1;tico en alcachofa (cynara scolymus l.) m&#xED;nimamente procesado / </subfield>
    <subfield code="c">Gerson Esteban Vera P&#xE9;rez</subfield>
  </datafield>
  <datafield tag="264" ind1=" " ind2="0">
    <subfield code="a">Chapingo, M&#xE9;xico :</subfield>
    <subfield code="b">El autor,</subfield>
    <subfield code="c">2020</subfield>
  </datafield>
  <datafield tag="300" ind1=" " ind2=" ">
    <subfield code="a">1 recurso en l&#xED;nea (ix, 43 p&#xE1;ginas) :</subfield>
    <subfield code="b">ilustraciones, tablas, gr&#xE1;ficas.diagramas, fotos</subfield>
  </datafield>
  <datafield tag="336" ind1=" " ind2=" ">
    <subfield code="2">rdacontent</subfield>
    <subfield code="a">texto</subfield>
    <subfield code="b">txt</subfield>
  </datafield>
  <datafield tag="337" ind1=" " ind2=" ">
    <subfield code="2">rdamedia</subfield>
    <subfield code="a">computadora</subfield>
    <subfield code="b">c</subfield>
  </datafield>
  <datafield tag="338" ind1=" " ind2=" ">
    <subfield code="2">rdacarrier</subfield>
    <subfield code="a">recurso en l&#xED;nea</subfield>
    <subfield code="b">cr</subfield>
  </datafield>
  <datafield tag="502" ind1=" " ind2=" ">
    <subfield code="a">Tesis</subfield>
    <subfield code="b">IA</subfield>
    <subfield code="c">Agroindustrias</subfield>
    <subfield code="d">2020</subfield>
    <subfield code="g">LIC</subfield>
  </datafield>
  <datafield tag="504" ind1=" " ind2=" ">
    <subfield code="a">Bibliograf&#xED;a: 31-36 p&#xE1;ginas</subfield>
  </datafield>
  <datafield tag="520" ind1="3" ind2=" ">
    <subfield code="a">En el presente estudio se trataron en inmersi&#xF3;n recept&#xE1;culos pelados de alcachofa, variedad espinoso de sardo, en soluciones con diferentes aditivos qu&#xED;micos: combinaci&#xF3;n de &#xE1;cido asc&#xF3;rbico con &#xE1;cido c&#xED;trico 0.03 % (p/v) y 0.01% (p/v) respectivamente, eritorbato de sodio al 0.25% (p/v), extracto de semilla de c&#xED;tricos al 0.01% p/v, lactato de calcio al 0.5 % p/v y CMC al 1% p/v posteriormente se empacaron en bolsas de polietileno con sellado al vac&#xED;o. Se evalu&#xF3; el impacto del empaque, as&#xED; como el impacto de los tratamientos en inmersi&#xF3;n, en la calidad visual de los recept&#xE1;culos pelados, en espec&#xED;fico la apariencia general, diferencia total de color (&#x394;E), y el cambio de pH; durante 9 d&#xED;as de almacenamiento en refrigeraci&#xF3;n a 4 &#xB1; 0.5 &#xB0;C tomando mediciones cada 72 horas. Los resultados mostraron que los recept&#xE1;culos tratados en inmersi&#xF3;n con eritorbato de sodio al 0.25 % (p/v) previo al empaque a vac&#xED;o, tuvieron mejor aceptaci&#xF3;n general en comparaci&#xF3;n con los otros tratamientos, tambi&#xE9;n conservaron mejor el color., sin embargo el pH increment&#xF3; ligeramente durante el tiempo de evaluaci&#xF3;n al igual que en la mayor&#xED;a de los tratamientos, exceptuando a los recept&#xE1;culos tratados con recubrimiento de carboximetilcelulosa que se mantuvieron estables. El estudio tiene relevancia industrial, ya que el mercado de las frutas y verduras m&#xED;nimamente procesadas est&#xE1; creciendo de manera importante debido a los cambios actuales en las preferencias del consumidor, por productos que representen beneficios para la salud y que est&#xE9;n listos para el consumo (Yousuf, Shafiq, y Kumar, 2018). Aunado a esto, la alcachofa es considerada un alimento funcional debido a sus propiedades nutrace&#xFA;ticas atribuidas principalmente a tres de sus compuestos; inulina, cinarina y &#xE1;cido clorog&#xE9;nico (Lattanzio et al., 2009).</subfield>
  </datafield>
  <datafield tag="520" ind1="3" ind2=" ">
    <subfield code="a">In the present study, peeled artichoke receptacles, sardinian spiny artichoke, were treated in immersion in solutions with different chemical additives: combination of ascorbic acid with citric acid 0.03% (w/v) and 0.01% (w/v) respectively, eritorbate 0.25% sodium (w/v), 0.01% w/v citrus seed extract, 0.5% (w/v) calcium lactate and 1% w/v CMC were subsequently packaged in vacuum-sealed polyethylene bags . The impact of the packaging was evaluated, as well as the impact of the treatments in immersion, in the visual quality of the receptacles, specifically the general appearance, total color difference (&#x394;E), and the change in pH; during 9 days of storage in refrigeration at 4 &#xB1; 0.5 &#xB0; C taken measurements every 72 hours. The results showed that the receptacles treated in immersion with 0.25% (w/v) sodium erythorbate prior to vacuum packaging, had better general acceptance compared to the other treatments, also conserved better color, however the pH increased slightly during the evaluation time, as in most of the treatments, except for the carboxymethyl cellulose-coated receptacles that remained stable. The study has industrial relevance, as the market for minimally processed fruits and vegetables is growing significantly due to current changes in consumer preferences for products that represent health benefits and are ready for consumption (Yousuf, Shafiq, y Kumar, 2018). In addition to this, the artichoke is considered a functional food due to its nutraceutical properties attributed mainly to three of its compounds; inulin, cynarin and chlorogenic acid (Lattanzio et al., 2009).</subfield>
  </datafield>
  <datafield tag="650" ind1="1" ind2="3">
    <subfield code="2">agt</subfield>
    <subfield code="9">3531</subfield>
    <subfield code="a">Alcachofas</subfield>
    <subfield code="x">Calidad del producto</subfield>
  </datafield>
  <datafield tag="650" ind1="1" ind2="3">
    <subfield code="2">agt</subfield>
    <subfield code="9">3531</subfield>
    <subfield code="a">Alcachofas</subfield>
    <subfield code="x">Almacenamiento bajo atm&#xF3;sfera controlada</subfield>
  </datafield>
  <datafield tag="650" ind1="1" ind2="3">
    <subfield code="2">agt</subfield>
    <subfield code="9">3531</subfield>
    <subfield code="a">Alcachofas</subfield>
    <subfield code="x">Pardeamiento enzim&#xE1;tico</subfield>
  </datafield>
  <datafield tag="650" ind1="1" ind2="3">
    <subfield code="2">agt</subfield>
    <subfield code="9">3531</subfield>
    <subfield code="a">Alcachofas</subfield>
    <subfield code="x">Envase al vac&#xED;o</subfield>
  </datafield>
  <datafield tag="650" ind1="1" ind2="3">
    <subfield code="2">agt</subfield>
    <subfield code="9">189172</subfield>
    <subfield code="a">Bolsas</subfield>
    <subfield code="x">Polietileno</subfield>
  </datafield>
  <datafield tag="650" ind1="1" ind2="3">
    <subfield code="2">agt</subfield>
    <subfield code="9">189171</subfield>
    <subfield code="a">Artichokes</subfield>
    <subfield code="x">Product quality</subfield>
  </datafield>
  <datafield tag="650" ind1="1" ind2="3">
    <subfield code="2">agt</subfield>
    <subfield code="9">189171</subfield>
    <subfield code="a">Artichokes</subfield>
    <subfield code="x">Controlled atmosphere storage</subfield>
  </datafield>
  <datafield tag="650" ind1="1" ind2="3">
    <subfield code="2">agt</subfield>
    <subfield code="9">189171</subfield>
    <subfield code="a">Artichokes</subfield>
    <subfield code="x">Enzymatic browning</subfield>
  </datafield>
  <datafield tag="650" ind1="1" ind2="3">
    <subfield code="2">agt</subfield>
    <subfield code="9">189171</subfield>
    <subfield code="a">Artichokes</subfield>
    <subfield code="x">Vacuum packaging</subfield>
  </datafield>
  <datafield tag="650" ind1="1" ind2="3">
    <subfield code="2">agt</subfield>
    <subfield code="9">189173</subfield>
    <subfield code="a">Bags</subfield>
    <subfield code="x">Polyethylene</subfield>
  </datafield>
  <datafield tag="700" ind1="1" ind2=" ">
    <subfield code="9">148600</subfield>
    <subfield code="a">Mart&#xED;nez Mosqueda, Francisco</subfield>
    <subfield code="e">director</subfield>
  </datafield>
  <datafield tag="700" ind1="1" ind2=" ">
    <subfield code="9">149931</subfield>
    <subfield code="a">P&#xE9;rez L&#xF3;pez, Artemio</subfield>
    <subfield code="e">asesor</subfield>
  </datafield>
  <datafield tag="700" ind1="1" ind2=" ">
    <subfield code="9">150304</subfield>
    <subfield code="a">Ram&#xED;rez Sep&#xFA;lveda, Marco Favio</subfield>
    <subfield code="e">asesor</subfield>
  </datafield>
  <datafield tag="856" ind1="4" ind2="0">
    <subfield code="u">http://10.13.5.2/tesis/tl/2020_IA_Vera_Perez_GersonEsteban.pdf</subfield>
    <subfield code="y">DESCARGAR PDF</subfield>
  </datafield>
  <datafield tag="942" ind1=" " ind2=" ">
    <subfield code="2">Clasificaci&#xF3;n Universidad Aut&#xF3;noma Chapingo</subfield>
    <subfield code="c">TD</subfield>
  </datafield>
  <datafield tag="999" ind1=" " ind2=" ">
    <subfield code="c">219975</subfield>
    <subfield code="d">219975</subfield>
  </datafield>
  <datafield tag="952" ind1=" " ind2=" ">
    <subfield code="0">0</subfield>
    <subfield code="1">0</subfield>
    <subfield code="2">local</subfield>
    <subfield code="4">0</subfield>
    <subfield code="5">1</subfield>
    <subfield code="7">0</subfield>
    <subfield code="8">TesDigL</subfield>
    <subfield code="a">BD</subfield>
    <subfield code="b">BD</subfield>
    <subfield code="c">E_L</subfield>
    <subfield code="d">2024-06-07</subfield>
    <subfield code="e">El autor</subfield>
    <subfield code="l">0</subfield>
    <subfield code="o">Tesis digital</subfield>
    <subfield code="p">1301013856</subfield>
    <subfield code="r">2024-06-07 00:00:00</subfield>
    <subfield code="w">2024-06-07</subfield>
    <subfield code="y">TD</subfield>
  </datafield>
  <datafield tag="952" ind1=" " ind2=" ">
    <subfield code="0">0</subfield>
    <subfield code="1">0</subfield>
    <subfield code="2">local</subfield>
    <subfield code="4">0</subfield>
    <subfield code="7">0</subfield>
    <subfield code="8">TesDigL</subfield>
    <subfield code="a">IA_</subfield>
    <subfield code="b">IA_</subfield>
    <subfield code="c">E_L</subfield>
    <subfield code="d">2024-06-07</subfield>
    <subfield code="e">El autor</subfield>
    <subfield code="l">0</subfield>
    <subfield code="p">1201013856</subfield>
    <subfield code="r">2024-06-07 00:00:00</subfield>
    <subfield code="w">2024-06-07</subfield>
    <subfield code="y">TD</subfield>
  </datafield>
</record>
